00636nam a2200229 a 4500001001300000003000900013005001700022008004100039020001000080082001400090100002200104245002700126260004800153300000800201500003500209650001600244700002200260902000800282942000700290952009400297999001500391nice12345678IN_TiNIC20260116011430.0080909s1927 laha grp 000 0 eng  ac10000a239bGOL6 aGoldsack, William aMuhammad and the Bible aLahorebPunjab Religious Booksociety c1927 a44p aincludes index and biblioraphy aApologetics1 aGoldsack, William bRBA cBK 00104070aHMIbHMId2008-09-09g100.00l0o239 GOL6p2044r2008-09-09w2026-01-16yARB c1470d1470